Distribution par images - Faites sauter la banque - Statistiques

Statistiques générales
  • Ce quiz a été pris 31 fois
  • Le résultat moyen est 4 sur 9
Statistiques - réponses
Par images Hint Réponse % Correct
Victor Garnier Louis de Funès
100%
Contremaître Jean Lefebvre
82%
Curé Claude Piéplu
57%
André-Hugues Durand-Mareuil Jean-Pierre Marielle
57%
Client Guy Grosso
50%
Policier Georges Wilson
29%
Isabelle Garnier Anne Doat
21%
Eliane Garnier Yvonne Clech
18%
Philippe Brécy Jean Valmont
14%
Aucun quiz correspondant
Distribution des résultats
% des personnes avec chaque résultat
Percentile par nombre de réponses
Votre historique - résultats
Vous n’avez pas pris ce quiz